| Tag |
First Indicator |
Second Indicator |
Subfields |
| LEADER |
00000cam a2200000 4500 |
| 001 |
in00000463543 |
| 005 |
20151012163609.0 |
| 008 |
701105m19709999enk b 00110 eng |
| 010 |
|
|
|a 70143172
|
| 015 |
|
|
|a B70-17051 (v. 1)
|
| 020 |
|
|
|a 0116300523 (v. 1)
|c 72/6 (v. 1)
|
| 035 |
|
|
|a (OCoLC)00098588
|
| 035 |
|
|
|9 ABZ6641AM
|
| 040 |
|
|
|a DLC
|c DLC
|d TXA
|d UtOrBLW
|
| 043 |
|
|
|a e-uk---
|
| 049 |
|
|
|a TXAM
|c 1
|v 1 [1331829]
|v 2 [1331830]
|v 4 [1573197]
|v 5 [1573304]
|
| 050 |
0 |
0 |
|a D750
|b .W62
|
| 082 |
0 |
|
|a 940.532/2/42
|
| 100 |
1 |
|
|a Woodward, E. L.
|q (Ernest Llewellyn),
|d 1890-1971.
|
| 245 |
1 |
0 |
|a British foreign policy in the Second World War /
|c by Sir Llewellyn Woodward.
|
| 264 |
|
1 |
|a London :
|b H.M.S.O.,
|c 1970-
|
| 300 |
|
|
|a volumes ;
|c 26 cm.
|
| 336 |
|
|
|a text
|b txt
|2 rdacontent
|
| 337 |
|
|
|a unmediated
|b n
|2 rdamedia
|
| 338 |
|
|
|a volume
|b nc
|2 rdacarrier
|
| 490 |
1 |
|
|a History of the Second World War
|
| 504 |
|
|
|a Includes bibliographical references.
|
| 650 |
|
0 |
|a World War, 1939-1945
|x Diplomatic history.
|
| 651 |
|
0 |
|a Great Britain
|x Foreign relations
|y 1936-1945.
|
| 830 |
|
0 |
|a History of the Second World War.
|
| 999 |
|
|
|a MARS
|
| 999 |
f |
f |
|s 5bd66fc9-7ff6-3650-a4f6-ad6375e4ba53
|i 481c8f55-19ea-3449-a2a6-e74a768affc2
|t 0
|
| 952 |
f |
f |
|p ric
|a Texas A&M University
|b Rellis Campus
|c Joint Library Facility
|d Remote Storage
|t 0
|e D750 .W62
|h Library of Congress classification
|i unmediated -- volume
|k v.4
|m A14801889200
|
| 952 |
f |
f |
|p ric
|a Texas A&M University
|b Rellis Campus
|c Joint Library Facility
|d Remote Storage
|t 0
|e D750 .W62
|h Library of Congress classification
|i unmediated -- volume
|k v.1
|m A14801889187
|
| 952 |
f |
f |
|p ric
|a Texas A&M University
|b Rellis Campus
|c Joint Library Facility
|d Remote Storage
|t 0
|e D750 .W62
|h Library of Congress classification
|i unmediated -- volume
|k v.2
|m A14801889195
|
| 952 |
f |
f |
|p ric
|a Texas A&M University
|b Rellis Campus
|c Joint Library Facility
|d Remote Storage
|t 0
|e D750 .W62
|h Library of Congress classification
|i unmediated -- volume
|k v.3
|m A14814722506
|
| 952 |
f |
f |
|p ric
|a Texas A&M University
|b Rellis Campus
|c Joint Library Facility
|d Remote Storage
|t 0
|e D750 .W62
|h Library of Congress classification
|i unmediated -- volume
|k v.5
|m A14801889218
|
| 952 |
f |
f |
|p noncirc
|a Texas A&M University
|b College Station
|c Cushing Memorial Library & Archives
|d Cushing: Ragan Military (Does not check out)
|t 0
|e D750 .W62
|h Library of Congress classification
|i unmediated -- volume
|k v.1
|m A14852151217
|
| 998 |
f |
f |
|a D750 .W62
|s v.1-v.5
|t 0
|l Remote Storage
|
| 998 |
f |
f |
|a D750 .W62
|s v.1
|t 0
|l Cushing: Ragan Military (Does not check out)
|